[Event "GRE-ch U14"]
[Site "Peristeri"]
[Date "2023.07.06"]
[Round "5"]
[White "Papaioannou, Dimitrios1111"]
[Black "Tampakis, Vasileios"]
[Result "1/2-1/2"]
[WhiteElo "2108"]
[BlackElo "1718"]
[PlyCount "121"]
[EventDate "2023.07.03"]
[EventType "swiss"]
[EventRounds "9"]
[EventCountry "GRE"]
[SourceTitle "EXT 2024"]
[Source "ChessBase"]
[SourceDate "2023.10.10"]
[SourceVersion "1"]
[SourceVersionDate "2023.10.10"]
[SourceQuality "1"]

1. e4 e6 2. d4 d5 3. Nc3 Bb4 4. Qd3 dxe4 5. Qxe4 Nf6 6. Qh4 b6 7. Bg5 Bb7 8. Nge2 Be7 9. Qg3 Nc6 10. h4 Nb4 11. 0-0-0 Nbd5 12. h5 Rg8 13. f3 h6 14. Bd2 Qd7 15. Qh3 0-0-0 16. g4 Nxc3 17. Nxc3 Nd5 18. Ne2 Qa4 19. a3 Kb8 20. f4 c5 21. dxc5 Bxc5 22. Rh2 Rc8 23. Nc3 Nxc3 24. Bxc3 Qxf4+ 25. Kb1 Rcd8 26. Bd3 Qc7 27. Rf1 f6 28. Re2 e5 29. g5 hxg5 30. h6 Bd4 31. h7 Rh8 32. Be1 Bc8 33. Qh5 Bb7 34. Qg6 Bd5 35. Bg3 Bf7 36. Qf5 Bc4 37. Re4 Bxd3 38. cxd3 Qd7 39. Qg6 Qb5 40. Re2 Rc8 41. Qe4 Qd7 42. Rh1 Bc5 43. Rc2 Qb7 44. Qe1 Qd5 45. Rc3 Rcd8 46. Rh2 Bd4 47. Rc4 Bc5 48. Rc3 Qe6 49. Qe4 Rd4 50. Qg6 Rdd8 51. Qxg7 Qe7 52. Qg6 Qe6 53. Re2 Qd6 54. Rec2 Qe7 55. b4 Bd6 56. Rh2 e4 57. Qxe4 Qxe4 58. dxe4 Bxg3 59. Rxg3 Rd7 60. Rgh3 g4 61. Rh6 1/2-1/2

[Event "GRE-ch U14"]
[Site "Peristeri"]
[Date "2023.07.04"]
[Round "2"]
[White "Tampakis, Vasileios"]
[Black "Armaos, Michail"]
[Result "1-0"]
[WhiteElo "1718"]
[BlackElo "1447"]
[PlyCount "43"]
[EventDate "2023.07.03"]
[EventType "swiss"]
[EventRounds "9"]
[EventCountry "GRE"]
[SourceTitle "EXT 2024"]
[Source "ChessBase"]
[SourceDate "2023.10.10"]
[SourceVersion "1"]
[SourceVersionDate "2023.10.10"]
[SourceQuality "1"]

1. e4 c6 2. d4 d5 3. f3 e6 4. Nc3 Bd6 5. e5 Bc7 6. f4 Ne7 7. Nf3 Nd7 8. Be3 Bb6 9. Bd3 c5 10. Nb5 cxd4 11. Nd6+ Kf8 12. Ng5 Ng6 13. Ndxf7 Qe7 14. Bxg6 hxg6 15. Nxh8 Ba5+ 16. Bd2 Nxe5 17. fxe5 Kg8 18. Nhf7 Bxd2+ 19. Qxd2 Bd7 20. 0-0 Bb5 21. Rf3 Re8 22. Rh3 1-0

[Event "GRE-ch Online Rapid op 1st"]
[Site "Tornelo INT"]
[Date "2021.02.06"]
[Round "3"]
[White "Tampakis, Vasileios"]
[Black "Parcharidis, Triantafyllos"]
[Result "1-0"]
[WhiteElo "1253"]
[BlackElo "1029"]
[PlyCount "41"]
[EventDate "2021.02.06"]
[EventType "swiss (rapid)"]
[EventRounds "8"]
[EventCountry "GRE"]
[SourceTitle "EXT 2023"]
[Source "ChessBase"]
[SourceDate "2022.10.05"]
[SourceVersion "1"]
[SourceVersionDate "2022.10.05"]
[SourceQuality "1"]

1. e4 e5 2. Nf3 Nc6 3. Bb5 a6 4. Ba4 d6 5. 0-0 Nf6 6. Re1 Be7 7. c3 0-0 8. d4 b5 9. Bb3 Bb7 10. Nbd2 Qd7 11. Nf1 Rfe8 12. Ng3 Bf8 13. Ng5 Re7 14. Nf5 Re6 15. d5 Nd8 16. dxe6 Nxe6 17. Qf3 Nxg5 18. Bxg5 Be7 19. Nh6+ gxh6 20. Bxf6 Bxf6 21. Qxf6 1-0

[Event "GRE-ch South U12"]
[Site "Athens"]
[Date "2020.09.03"]
[Round "9"]
[White "Moschovakis, Dimitrios"]
[Black "Tampakis, Vasileios"]
[Result "1/2-1/2"]
[WhiteElo "1263"]
[BlackElo "1479"]
[PlyCount "61"]
[EventDate "2020.08.28"]
[EventType "swiss"]
[EventRounds "9"]
[EventCountry "GRE"]
[SourceTitle "EXT 2023"]
[Source "ChessBase"]
[SourceDate "2022.10.05"]
[SourceVersion "1"]
[SourceVersionDate "2022.10.05"]
[SourceQuality "1"]

1. e4 e5 2. Nf3 Nc6 3. d4 exd4 4. Nxd4 Nf6 5. Nxc6 bxc6 6. Qe2 Qe7 7. e5 Nd5 8. c4 Ba6 9. b3 g6 10. Bb2 Bg7 11. Nd2 Nb4 12. Nf3 c5 13. Qd2 0-0-0 14. a3 Nc6 15. 0-0-0 Rhe8 16. Re1 Qf8 17. Kb1 Bb7 18. Bd3 Kb8 19. Re2 Nd4 20. Nxd4 cxd4 21. f4 d5 22. b4 c5 23. b5 dxc4 24. Bxc4 Bd5 25. Bxd5 Rxd5 26. Qd3 Qe7 27. Rhe1 Qd7 28. a4 Qc8 29. Rc1 f6 30. exf6 Bxf6 31. Rce1 1/2-1/2

[Event "GRE-ch South U12"]
[Site "Athens"]
[Date "2020.09.02"]
[Round "8"]
[White "Tampakis, Vasileios"]
[Black "Tsarsitalidis, Christos"]
[Result "0-1"]
[WhiteElo "1479"]
[BlackElo "1726"]
[PlyCount "42"]
[EventDate "2020.08.28"]
[EventType "swiss"]
[EventRounds "9"]
[EventCountry "GRE"]
[SourceTitle "EXT 2023"]
[Source "ChessBase"]
[SourceDate "2022.10.05"]
[SourceVersion "1"]
[SourceVersionDate "2022.10.05"]
[SourceQuality "1"]

1. e4 c6 2. d4 d5 3. Nc3 dxe4 4. Nxe4 Nf6 5. Nxf6+ exf6 6. c3 Bd6 7. Bd3 0-0 8. Qc2 Re8+ 9. Ne2 h6 10. Be3 Nd7 11. 0-0-0 f5 12. Bxf5 Nf6 13. Ng3 Bxg3 14. hxg3 Qd5 15. Bxc8 Raxc8 16. b3 Ng4 17. Bf4 Qxg2 18. Qf5 Nxf2 19. Bxh6 Nxh1 20. Bxg7 Nxg3 21. Qf6 Ne2+ 0-1

[Event "GRE-ch South U12"]
[Site "Athens"]
[Date "2020.08.31"]
[Round "6"]
[White "Tzortzatos, Dimosthenis Panagio"]
[Black "Tampakis, Vasileios"]
[Result "1/2-1/2"]
[WhiteElo "1416"]
[BlackElo "1479"]
[PlyCount "60"]
[EventDate "2020.08.28"]
[EventType "swiss"]
[EventRounds "9"]
[EventCountry "GRE"]
[SourceTitle "EXT 2023"]
[Source "ChessBase"]
[SourceDate "2022.10.05"]
[SourceVersion "1"]
[SourceVersionDate "2022.10.05"]
[SourceQuality "1"]

1. e4 e5 2. Nf3 Nc6 3. Bb5 a6 4. Ba4 Nf6 5. 0-0 Be7 6. Re1 b5 7. Bb3 0-0 8. c3 d5 9. exd5 Nxd5 10. Nxe5 Nxe5 11. Rxe5 c6 12. d4 Bd6 13. Re1 Qh4 14. g3 Qh3 15. Be3 Bg4 16. Qd3 Rae8 17. Nd2 Kh8 18. a4 f5 19. Bxd5 cxd5 20. f4 g5 21. Qf1 gxf4 22. Bxf4 Qxf1+ 23. Kxf1 Bh3+ 24. Kf2 Bxf4 25. gxf4 Rxe1 26. Rxe1 bxa4 27. Nf1 Rb8 28. Re2 Bxf1 29. Kxf1 Kg8 30. Ke1 Kf7 1/2-1/2

[Event "GRE-ch South U12"]
[Site "Athens"]
[Date "2020.08.29"]
[Round "2"]
[White "Poupalos, Nikolaos"]
[Black "Tampakis, Vasileios"]
[Result "1-0"]
[WhiteElo "1772"]
[BlackElo "1479"]
[PlyCount "109"]
[EventDate "2020.08.28"]
[EventType "swiss"]
[EventRounds "9"]
[EventCountry "GRE"]
[SourceTitle "EXT 2023"]
[Source "ChessBase"]
[SourceDate "2022.10.05"]
[SourceVersion "1"]
[SourceVersionDate "2022.10.05"]
[SourceQuality "1"]

1. e4 e5 2. Nf3 Nc6 3. Bb5 a6 4. Ba4 Nf6 5. d3 b5 6. Bb3 Be7 7. Nc3 0-0 8. 0-0 d6 9. a3 Be6 10. Nd5 Na5 11. Ba2 c5 12. a4 Bxd5 13. exd5 Qb6 14. Bd2 Rfc8 15. Bxa5 Qxa5 16. axb5 axb5 17. c4 bxc4 18. Bxc4 Qb4 19. b3 Qb7 20. Nd2 Rxa1 21. Qc1 Rb1 22. Qxb1 Ra8 23. Qd1 Qb4 24. Ne4 h6 25. Qe1 Qxe1 26. Rxe1 Nxe4 27. dxe4 Bg5 28. g3 Bd2 29. Re2 Bg5 30. h4 Ra1+ 31. Kg2 Bc1 32. Rc2 f6 33. h5 Bg5 34. Kh3 Ra7 35. Kg4 Kf7 36. f4 exf4 37. gxf4 f5+ 38. Kxf5 Be7 39. e5 Bf8 40. Rg2 Ra8 41. Rg6 Rd8 42. Bb5 Be7 43. Bc6 Bf8 44. Ke4 Be7 45. Kd3 Bf8 46. Rg2 Rb8 47. Kc3 Rb4 48. Rg6 Rxf4 49. exd6 Rf6 50. d7 Be7 51. d6 Bd8 52. Bd5+ Kf8 53. Kc4 Rf5 54. Re6 Rf4+ 55. Kxc5 1-0

[Event "GRE-ch U10"]
[Site "Patras"]
[Date "2019.06.29"]
[Round "7.2"]
[White "Tampakis, Vasileios"]
[Black "Stathatos, Alexandros"]
[Result "1/2-1/2"]
[WhiteElo "1329"]
[BlackElo "1348"]
[PlyCount "64"]
[EventDate "2019.06.25"]
[EventType "swiss"]
[EventRounds "9"]
[EventCountry "GRE"]
[SourceTitle "EXT 2020"]
[Source "ChessBase"]
[SourceDate "2019.10.17"]
[SourceVersion "1"]
[SourceVersionDate "2019.10.17"]
[SourceQuality "1"]
[WhiteTeam "Greece"]
[BlackTeam "Greece"]
[WhiteTeamCountry "GRE"]
[BlackTeamCountry "GRE"]

1. e4 e5 2. Nf3 Nc6 3. Bb5 a6 4. Ba4 Nf6 5. 0-0 b5 6. Bb3 Be7 7. Re1 0-0 8. h3 d6 9. c3 Na5 10. Bc2 c5 11. d4 Qc7 12. dxe5 dxe5 13. Nbd2 c4 14. Nf1 Rd8 15. Qe2 Nb7 16. Bg5 a5 17. Ne3 Be6 18. Nf5 Bc8 19. Rad1 Rxd1 20. Rxd1 Bxf5 21. exf5 Bd6 22. Bxf6 gxf6 23. Be4 Rd8 24. g4 Be7 25. Rxd8+ Bxd8 26. h4 h6 27. Qe3 Kg7 28. g5 hxg5 29. hxg5 fxg5 30. Nxg5 Qe7 31. Nf3 Nd6 32. Bc2 e4 1/2-1/2

[Event "GRE-ch U10"]
[Site "Rio Achaia"]
[Date "2018.07.09"]
[Round "9"]
[White "Tampakis, Vasileios"]
[Black "Violakis, Anastasios"]
[Result "1/2-1/2"]
[WhiteElo "1306"]
[BlackElo "1255"]
[PlyCount "61"]
[EventDate "2018.07.03"]
[EventType "swiss"]
[EventRounds "9"]
[EventCountry "GRE"]
[SourceTitle "EXT 2019"]
[Source "ChessBase"]
[SourceDate "2018.10.10"]
[SourceVersion "1"]
[SourceVersionDate "2018.10.10"]
[SourceQuality "1"]

1. e4 c5 2. Nf3 Nc6 3. Bb5 g6 4. c3 Nf6 5. e5 Nd5 6. 0-0 Bg7 7. d4 cxd4 8. cxd4 d6 9. Nc3 Nxc3 10. bxc3 0-0 11. exd6 Qxd6 12. h3 a6 13. Ba4 h6 14. Re1 Rd8 15. Qe2 Be6 16. Bb3 Bxb3 17. axb3 Re8 18. Ba3 Qd7 19. Bc5 e5 20. dxe5 Nxe5 21. Rad1 Nxf3+ 22. Qxf3 Rxe1+ 23. Rxe1 Re8 24. Rd1 Qc7 25. Bd4 Bxd4 26. cxd4 a5 27. Qd3 Rd8 28. d5 Rd6 29. Qd2 Qd8 30. Qd3 Qd7 31. Qd4 1/2-1/2

[Event "GRE-ch U10"]
[Site "Rio Achaia"]
[Date "2018.07.05"]
[Round "4"]
[White "Tampakis, Vasileios"]
[Black "Sitsanis, Nikolaos1111"]
[Result "0-1"]
[WhiteElo "1306"]
[BlackElo "1383"]
[PlyCount "62"]
[EventDate "2018.07.03"]
[EventType "swiss"]
[EventRounds "9"]
[EventCountry "GRE"]
[SourceTitle "EXT 2019"]
[Source "ChessBase"]
[SourceDate "2018.10.10"]
[SourceVersion "1"]
[SourceVersionDate "2018.10.10"]
[SourceQuality "1"]

1. e4 e5 2. Nf3 Nc6 3. Bb5 f5 4. exf5 e4 5. Qe2 Qe7 6. Bxc6 dxc6 7. Nd4 Qe5 8. Ne6 Bxe6 9. fxe6 Bd6 10. Nc3 Nf6 11. b3 0-0 12. Bb2 Rae8 13. 0-0-0 Qxe6 14. Rdg1 Ng4 15. Nd1 Bc5 16. Rf1 Nf6 17. h3 b5 18. g4 Nd5 19. h4 Nf4 20. Qe1 a5 21. g5 a4 22. h5 axb3 23. axb3 Qd6 24. Ne3 Ba3 25. f3 Bxb2+ 26. Kxb2 Ra8 27. Qa1 Qd4+ 28. c3 Qxd2+ 29. Nc2 Nd3+ 30. Kb1 Rxa1+ 31. Kxa1 Qxc3+ 0-1